01232nam a2200277 i 4500003000900000005001700009007000300026008004100029040003000070082002800100245012300128264011000251300004000361336002700401337003300428338002800461490002600489590002700515650006100542650004500603710009900648910001400747942001400761952016200775999001700937DO-SdBNP20241011111948.0ta241011s1983 dr a 001 0 spa d aDO-SdBNPbspacBNPHUerda a331.88bT355b, 198322200aTextos básicos para la educación sindical :bel sindicalismo latinoamericano y sus vinculaciones internacionales / 1aSanto Domingo :bSecretaría de Educación Obrera,bUnión General de Trabajadores Dominicanos,c1983. a75 páginasbilustracionesc25 cm. atextobtxt2rdacontent asin mediaciónbn2rdamedia avolumenbnc2rdacarrier aCuadernos U. G. T. D. aInventariado, 2024/ YL 4aSindicalismozRepública DominicanaxEnseñanza953988 4aSindicatoszRepública Dominicana973182 aUnión General de Trabajadores Dominicanos (UGTD).bSecretaría de Educación Obrera953989 aYLockward 2ddccLBS1 00102ddc51708PDaBNPHUbBNPHUcCTd2017-12-07eDonado por Ilonka Nacidit Perdomol0oBNPHU PD 331.88 T355b, 1983p2024-5768r2024-10-11w2024-10-11yLBS1 c57831d57831